00404 a2200097 4500001001000000005001700010008004100027245005900068100002700127773015200154ART_4245720260410161935.0260409a 10aEstrategias ¿Qué son las decisiones estratégicas?1 aCogliati, Pablo Miguel0 tBoletin del Consejo Profesional de Ciencias Económicas de la Provincia de Santa Fe (camara segunda)g- Año XXVII, Nº 332 (jun. 2017)wREV25058